El narrador
Uloženo v:
| Hlavní autor: | |
|---|---|
| Médium: | Kniha |
| Jazyk: | španělština |
| Vydáno: |
Valparaíso
Escuela de Arquitectura y Diseño PUCV
2015
|
| Edice: | Colección HeteroGenios, 3
|
| Témata: | |
| Tagy: |
Přidat tag
Žádné tagy, Buďte první, kdo vytvoří štítek k tomuto záznamu!
|
MARC
| LEADER | 00000cam a2200000 a 4500 | ||
|---|---|---|---|
| 001 | UCD2629 | ||
| 003 | CL-VaPUC | ||
| 008 | 160505e20150000cl |||||||||||||||||spa|d | ||
| 020 | |a 9789568192037 | ||
| 082 | 0 | 4 | |a Ch863 |b COV |2 21 |
| 100 | 0 | |a Covarrubias Fernández, Carlos |e author |9 585976 | |
| 245 | 1 | 3 | |a El narrador |
| 300 | |a 100 p | ||
| 942 | |c BK | ||
| 945 | |d 20160505 16:04:00 |a cmena | ||
| 260 | |a Valparaíso |b Escuela de Arquitectura y Diseño PUCV |c 2015 | ||
| 650 | 0 | |a Novelas chilenas |9 265425 | |
| 650 | 0 | |a Literatura chilena |9 308278 | |
| 583 | |a last modification |c 20160505 16:04:00 |k Rodrigo Vera | ||
| 490 | 0 | |a Colección HeteroGenios, 3 | |
| 999 | |c 363751 |d 363749 | ||
| 952 | |0 0 |1 0 |3 erb |4 0 |6 CH_863_000000000000000_COV_2015 |7 0 |8 A |9 476431 |a BIBARQ |b BIBARQ |i 528547K |l 1 |m 1 |o Ch863 COV 2015 |p 528547K |r 2025-04-08 |s 2025-03-24 |w 2019-11-24 |y BK |z Catalogado en:20160505 |k ARQ | ||
| 952 | |0 0 |1 0 |3 erb |4 0 |6 CH_863_000000000000000_COV_2015 |7 0 |8 A |9 476432 |a BIBARQ |b BIBARQ |i 5285461 |l 2 |m 1 |o Ch863 COV 2015 |p 5285461 |r 2025-01-20 |s 2024-04-26 |w 2019-11-24 |y BK |z Catalogado en:20160505 |k ARQ | ||
| 952 | |0 0 |1 0 |3 erb |4 0 |6 CH_863_000000000000000_COV_2015 |7 0 |8 A |9 476433 |a BIBARQ |b BIBARQ |i 5285453 |l 6 |o Ch863 COV 2015 |p 5285453 |q 2025-05-13 |r 2025-05-06 |s 2025-05-06 |w 2019-11-24 |y BK |z Catalogado en:20160505 |k ARQ | ||